Sons of Anarchy Mitglieder - Statistiken

Allgemein
  • Dieses Quiz wurde 62 mal gespielt
    38 seit der letzten Aktualisierung
  • Das Durchschnittsergebnis liegt bei 9 aus 13
Answers on the Grid
Answers color-coded by a green-red scale on the quiz's grid according to % correct below.
Chibs Telford
Juice Ortiz
Otto Delaney
Tig Trager
Clay Morrow
Jax Teller
Wayne Unser
Piney Winston
David Hale
Chuck Marstein
Bobby Munson
Happy Lowman
Nero Padilla
Jacob Hale
Ernest Darby
Ethan Zobelle
Opie Winston
Eli Roosevelt
Laroy Wayne
Henry Lin
Marcus Alvarez
Damon Pope
Rane Quinn
Ron Tully
Herman Kozik
Eric Miles
 
Antwortstatistiken
Antwort % Korrekt
Clay Morrow
88%
Jax Teller
88%
Tig Trager
88%
Bobby Munson
84%
Opie Winston
84%
Chibs Telford
81%
Happy Lowman
78%
Piney Winston
78%
Juice Ortiz
75%
Otto Delaney
72%
Eric Miles
53%
Herman Kozik
41%
Rane Quinn
31%
Keine übereinstimmenden Quizze gefunden
Verteilung der Resultate
Anzahl Personen mit jedem Resultat
Perzentil nach korrekt beantworteten Fragen
Ihre Resultats-Entwicklung
Sie haben dieses Quiz seit der letzten Aktualisierung nicht gespielt